Vở bài tập Khoa học 4

Các bài tập trong Vở bài tập khoa học lớp 4 nhằm giúp học sinh thực hiện các hoạt động học tập độc lập và đa dạng, rèn luyện cho học sinh các kĩ năng học tập, thực hành, củng cố và khắc sâu kiến thức....

Descrición completa

Gardado en:
Detalles Bibliográficos
Formato: Libro
Idioma:Undetermined
Publicado: Hà Nội Giáo dục 2010
Những chủ đề:
Các nhãn: Engadir etiqueta
Sen Etiquetas, Sexa o primeiro en etiquetar este rexistro!
Thư viện lưu trữ: Trung tâm Học liệu Trường Đại học Cần Thơ
LEADER 00902nam a2200205Ia 4500
001 CTU_157695
008 210402s9999 xx 000 0 und d
020 |c 4100 
082 |a 372.35076 
082 |b V460/L.4 
245 0 |a Vở bài tập Khoa học 4 
245 0 |c Bùi Phương Nga, Lương Việt Thái biên soạn 
260 |a Hà Nội 
260 |b Giáo dục 
260 |c 2010 
520 |a Các bài tập trong Vở bài tập khoa học lớp 4 nhằm giúp học sinh thực hiện các hoạt động học tập độc lập và đa dạng, rèn luyện cho học sinh các kĩ năng học tập, thực hành, củng cố và khắc sâu kiến thức. 
650 |a Science 
650 |x Study and teaching ( elementary ) 
904 |i Bạch Trúc 
980 |a Trung tâm Học liệu Trường Đại học Cần Thơ